01390nam a2200241 a 450000100100000000500170001000800410002704000250006808200210009310000290011424501040014326000660024730000360031350000740034959000270042360000680045065100840051891000380060295201950064095201190083595201770095499900170113100002718220240409073641.0110330t1956 dr c 001 0dspa d aDO-SdBNPbspacBNPHU a972.93053bG166t1 aGallegos, Gerardo91617910aTrujillo en la historia :bventicinco años en la ruta de un glorioso destino /cGerardo Gallegos. aCiudad Trujillo, República Dominicana :bDel Caribe,c1956. a311 p. :bil., retrs. ;c23 cm. aIncluye referencias bibliográficas y notas al pie de las páginas. aInventariado, 2019/MFF10aTrujillo Molina, Rafael Leónidas, d1891-1961xMuerte910869 4aRepública DominicanaxPolítica Y GobiernoyERA DE TRUJILLO, 1930-196191374 aValidado. Control de calidad EMS. 001054708RVaGRbGRcHDd2019-07-25iLF1l0o972.93053 G166tp27182-30r2020-06-25te.3w2020-06-25y4zPerteneció a la biblioteca pesonal de la familia Reyes Duluc.ZPréstamo en sala 001050718RVaPDbPDcHDd2011-03-30iLF1l0o972.93053 G166tp27182-10r2020-06-25w2020-06-25y1ZNo se presta 001050718RVaPDbPDcHDd2011-07-05iLF1l0o972.93053 G166tp27182-20r2020-06-25te.2w2020-06-25y1zPertenecio a la biblioteca personal Matínez Boog.ZNo se presta c26674d26674